Żużlowcy ROWu Rybnik w XXI wieku - Statystyki

Ogólne statystyki
  • Ten quiz został rozwiązany 43 razy
  • Średni wynik to 11 z 20
Statystyki odpowiedzi
Litera Zawodnicy % Poprawnych
P Krystian Pieszczek | Oskar Polis | Sławomir Pyszny | Remigiusz Perzyński | Patryk Pawlaszczyk | Łukasz Piecha | Daniel Pytel | Adam Pawliczek | Nicki Pedersen | Paweł Paliga | Roman Powazhny
89%
W Grzegorz Walasek | Kamil Winkler | Patryk Wojdyło | Błażej Wypior | Kacper Woryna | Kamil Wieczorek | Mariusz Węgrzyk | Tomasz Wolnewicz | Craig Watson
86%
S/Ś Mateusz Szczepaniak | Linus Sundström | Lars Skupień | Rafał Szombierski | Rory Schlein | Dawid Stachyra | Bartosz Szymura | Adrian Szewczykowski | Piotr Świderski | Martin Smolinski | Marek Szczyrba | Mariusz Staszewski | Adrian Śmieja | Łukasz Szmid | Dariusz Śledź
77%
K Brady Kurtz | Jan Kvech | Nicolai Klindt | Kacper Kłosok | Andrey Karpov | Maciej Kuciapa | Mads Korneliussen | Victor Kulakov | Marcel Kajzer | Joonas Kylmaekorpi | Ricky Kling | Peter Karlsson | Dawid Kubica | Brian Karger | Robert Kużdżał
74%
T Rohan Tungate | Kacper Tkocz | Paweł Trześniewski | Wiktor Trofimow | Mateusz Tudzież | Mike Trzensiok | Mathias Thornblom
74%
L/Ł Andreas Lyager | Sergey Logachev | Robert Lambert | Andzejs Lebedevs | Fredrik Lindgren | Grigori Laguta | Roman Lakhbaum | Antonio Lindbaeck | Aleksandr Loktaev | Mark Loram
71%
C/Ć Lech Chlebowski | Robert Chmiel | Artur Czaja | Craig Cook | Ilya Chalov | Roman Chromik | Alexei Charczenko | Mateusz Chocholiński | Zbigniew Czerwiński
66%
B Norick Blodörn | Maksym Borowiak | Troy Batchelor | Daniel Bewley | Damian Baliński | Lewis Bridger | Marcin Bubel | Łukasz Bojarski | Mikkel Bech | Karol Baran
66%
J Jakub Jamróg | Michael Jepsen Jensen | Andreas Jonsson | Ronnie Jamroży
63%
H Patrick Hansen | Rune Holta | Chris Harris | Paweł Hlib
60%
M Adrian Miedziński | Vaclav Milik | Nick Morris | Tobiasz Musielak | Michał Mitko | Mikael Max | Patryk Malitowski | Jesper B. Monberg
57%
Z/Ź/Ż Matej Zagar | Grzegorz Zengota | Alex Zgardziński
57%
F Leon Flint | Max Fricke | Mariusz Fierlej | Kamil Fleger | Rafał Fleger
40%
N Kamil Nowacki | Dakota North | Daniel Nermark
34%
U Sebastian Ułamek
34%
D Jason Doyle | Mateusz Domański | Sławomir Drabik | Wojciech Drudniak
31%
G Kacper Gomólski | Przemysław Giera | Renat Gafurov | Denis Gizatullin | Lars Gunnerstad
31%
I Niels Kristian Iversen
31%
A Pontus Aspgren | Kamil Adamczewski | Oliver Allen | Sebastian Alden
29%
R Jacek Rempała | Marc Randrup | Marcin Rempała | Łukasz Romanek | Janusz Rożek | Konrad Ryszka
23%
Nie znaleziono quizów pasujących do podanych kryteriów
Rozkład punktacji
Procent ludzi z każdym wynikiem
Percentyl według liczby udzielonych odpowiedzi
Twoja historia wyników
Nie rozwiązałeś tego quizu